[Event "28th Czech Open A 2017"]
[Site "Pardubice CZE"]
[Date "2017.07.24"]
[Round "4.73"]
[White "Kulon, Klaudia"]
[Black "Eret, Jonas"]
[Result "1-0"]
[WhiteTitle "WGM"]
[WhiteElo "2380"]
[BlackElo "2236"]
[WhiteFideId "1131044"]
[BlackFideId "364495"]
[EventDate "2017.07.21"]

1. c4 e6 2. g3 d5 3. Bg2 Nf6 4. Nf3 Be7 5. d4 O-O 6. Nbd2 c6 7. O-O Nbd7 8. Qc2
b6 9. b3 Bb7 10. Bb2 Rc8 11. e4 Qc7 12. e5 Ne8 13. Rac1 Qb8 14. cxd5 cxd5 15.
Qd3 Nc7 16. Qe3 Na6 17. Nb1 Rxc1 18. Rxc1 Rc8 19. Nc3 Nb4 20. a3 Nc6 21. Bf1 a6
22. Bd3 Nf8 23. Na4 Bd8 24. Bc3 Qa7 25. Ng5 h6 26. Nh3 Be7 27. b4 Nb8 28. f4 Bc6
29. Nb2 Bb5 30. Bb1 Qd7 31. g4 a5 32. f5 axb4 33. axb4 Na6 34. f6 Bxb4 35. fxg7
Kxg7 36. Nf4 Ng6 37. Nh5+ Kf8 38. Nf6 Qd8 39. Bxb4+ Nxb4 40. Bxg6 Rxc1+ 41. Qxc1
fxg6 42. Qxh6+ 1-0

[Event "28th Czech Open A 2017"]
[Site "Pardubice CZE"]
[Date "2017.07.24"]
[Round "4.74"]
[White "Plischki, Sebastian"]
[Black "Pein, Jonathan"]
[Result "1-0"]
[WhiteTitle "IM"]
[WhiteElo "2376"]
[BlackElo "2223"]
[WhiteFideId "4637143"]
[BlackFideId "417092"]
[EventDate "2017.07.21"]

1. d4 Nf6 2. c4 g6 3. g3 Bg7 4. Bg2 O-O 5. Nc3 d6 6. Nf3 Nc6 7. O-O e5 8. dxe5
dxe5 9. Bg5 Be6 10. Nd5 Bxd5 11. Bxf6 Bxf6 12. cxd5 Nd4 13. Nd2 Bg7 14. e3 Nb5
15. Rc1 Qe7 16. Qc2 Rac8 17. Qc5 Nd6 18. Ne4 a6 19. Nxd6 Qxd6 20. Rc4 Qxc5 21.
Rxc5 f5 22. Rfc1 Rf7 23. d6 c6 24. Bd5 e4 25. b3 Rd8 26. Bxf7+ Kxf7 27. Rd1 Bf8
28. Rc4 Rxd6 29. Rxd6 Bxd6 30. f3 exf3 31. Kf2 Ke6 32. Kxf3 h5 33. e4 c5 34. Rc2
b5 35. exf5+ Kxf5 36. Re2 Be5 37. h3 Ke6 38. Rd2 c4 39. bxc4 bxc4 40. g4 c3 41.
Rd8 hxg4+ 42. hxg4 Bf6 43. Rc8 Kd5 44. Ke3 Bg5+ 45. Kd3 Bd2 46. Ra8 g5 47. Rxa6
Kc5 48. Ra4 Kb5 49. Rc4 1-0

[Event "28th Czech Open A 2017"]
[Site "Pardubice CZE"]
[Date "2017.07.24"]
[Round "4.75"]
[White "Popov, Mikhail"]
[Black "Pychova, Nela"]
[Result "1-0"]
[WhiteTitle "FM"]
[BlackTitle "WFM"]
[WhiteElo "2374"]
[BlackElo "2219"]
[WhiteFideId "4146182"]
[BlackFideId "351369"]
[EventDate "2017.07.21"]

1. c4 Nf6 2. Nf3 e6 3. Nc3 Bb4 4. Qc2 O-O 5. a3 Bxc3 6. Qxc3 b6 7. e3 Bb7 8. Be2
d6 9. b4 Nbd7 10. Bb2 Qe7 11. O-O c5 12. d4 Rfc8 13. dxc5 bxc5 14. Rfd1 Qf8 15.
Nd2 Nb6 16. Qd3 Rd8 17. Qc2 Rac8 18. b5 d5 19. a4 Nbd7 20. Bf3 a6 21. Nb3 axb5
22. cxb5 c4 23. Nc1 Qc5 24. Bd4 Qd6 25. a5 e5 26. Bc3 Qc5 27. Rb1 Qc7 28. Na2
Rb8 29. Nb4 Nc5 30. Qf5 Bc8 31. b6 Qb7 32. Qxe5 Be6 33. Nxd5 Bxd5 34. Rxd5 Rxd5
35. Bxd5 1-0

[Event "28th Czech Open A 2017"]
[Site "Pardubice CZE"]
[Date "2017.07.24"]
[Round "4.76"]
[White "Heidrich, Manfred"]
[Black "Bunyatov, Rustam"]
[Result "1-0"]
[WhiteTitle "FM"]
[BlackTitle "FM"]
[WhiteElo "2366"]
[BlackElo "2213"]
[WhiteFideId "4602722"]
[BlackFideId "13410210"]
[EventDate "2017.07.21"]

1. e4 e5 2. Nf3 Nc6 3. d4 exd4 4. Nxd4 Bc5 5. Nxc6 Qf6 6. Qf3 Qxf3 7. gxf3 dxc6
8. Be3 Bb6 9. Rg1 g6 10. Nd2 Ne7 11. Bc4 Be6 12. Bxe6 fxe6 13. Nc4 Bxe3 14. fxe3
O-O-O 15. Ke2 c5 16. Ne5 Rhf8 17. Rg3 Rd6 18. Rd1 Ng8 19. Rd3 Rxd3 20. Nxd3 c4
21. Ne5 b5 22. Rg1 a6 23. a4 Nf6 24. Ra1 Kb7 25. Rd1 Kb6 26. Rd7 c3 27. b3 Rc8
28. Re7 Re8 29. Rf7 Ng8 30. axb5 axb5 31. Kd3 b4 32. Kc4 Rd8 33. Rd7 1-0

[Event "28th Czech Open A 2017"]
[Site "Pardubice CZE"]
[Date "2017.07.24"]
[Round "4.77"]
[White "Sahil, Tickoo"]
[Black "Sodoma, Jan"]
[Result "0-1"]
[BlackTitle "IM"]
[WhiteElo "2234"]
[BlackElo "2351"]
[WhiteFideId "5019710"]
[BlackFideId "323195"]
[EventDate "2017.07.21"]

1. d4 Nf6 2. c4 e6 3. Nc3 Bb4 4. Qc2 O-O 5. a3 Bxc3+ 6. Qxc3 d6 7. Bg5 Nbd7 8.
f3 b6 9. e4 c5 10. Nh3 h6 11. Be3 Ba6 12. b4 Qc7 13. Be2 Rac8 14. dxc5 dxc5 15.
b5 Bb7 16. O-O e5 17. Nf2 Rfe8 18. Qb2 Nf8 19. Nd1 Ne6 20. Nc3 Nd4 21. Bd3 Qd6
22. Rad1 Nh5 23. Bb1 Ra8 24. a4 a6 25. Ba2 Bc8 26. Nd5 Be6 27. Nc3 Re7 28. Bb3
axb5 29. cxb5 c4 30. Bc2 Rd7 31. Kh1 Qc5 32. Bb1 Rad8 33. Rd2 Qe7 34. Rfd1 Qf6
35. Kg1 Nf4 36. Bxf4 Qxf4 37. Kf2 Qxh2 38. a5 bxa5 39. Nd5 Bxd5 40. exd5 Rxd5
41. b6 Rb8 42. Be4 Rc5 43. b7 Qh4+ 44. Kf1 Qe7 45. Qb6 Qc7 46. Qa7 c3 47. Ra2 f5
48. Bxf5 Rxb7 49. Qa8+ Rb8 50. Qe4 c2 51. Bh7+ Kh8 0-1

[Event "28th Czech Open A 2017"]
[Site "Pardubice CZE"]
[Date "2017.07.24"]
[Round "4.78"]
[White "Koykka, Pekka"]
[Black "Simet, Martin"]
[Result "1-0"]
[WhiteTitle "FM"]
[WhiteElo "2351"]
[BlackElo "2210"]
[WhiteFideId "504319"]
[BlackFideId "377244"]
[EventDate "2017.07.21"]

1. d4 Nf6 2. Bg5 d5 3. e3 e6 4. Bd3 c5 5. c3 Nc6 6. Nf3 h6 7. Bh4 Be7 8. Nbd2
O-O 9. O-O b6 10. Qe2 Bb7 11. Rad1 Nd7 12. Bg3 a5 13. Rfe1 Qc8 14. a4 Ba6 15. e4
Bf6 16. exd5 exd5 17. Nf1 Bxd3 18. Rxd3 cxd4 19. cxd4 Re8 20. Ne3 Qa6 21. Qd1
Nb4 22. Rc3 b5 23. h3 bxa4 24. Qxa4 Nb6 25. Qb3 Qb5 26. Bd6 Rac8 27. Rec1 Rcd8
28. Bc7 Rd7 29. Rc5 Qa4 30. Qa3 Rxc7 31. Qxa4 Nxa4 32. Rxc7 Nxb2 33. Rc8 Rxc8
34. Rxc8+ Kh7 35. Rc5 a4 36. Nxd5 Nxd5 37. Rxd5 a3 38. Ra5 Be7 39. Ra7 Bb4 40.
Ne5 f6 41. Nc6 Bd6 42. Na5 Kg6 43. Nb3 Bb4 44. Na1 Bc3 45. Nc2 Nc4 46. Rc7 1-0

[Event "28th Czech Open A 2017"]
[Site "Pardubice CZE"]
[Date "2017.07.24"]
[Round "4.79"]
[White "Egorov, Pavel"]
[Black "Chekletsov, Ilya"]
[Result "0-1"]
[BlackTitle "FM"]
[WhiteElo "2224"]
[BlackElo "2350"]
[WhiteFideId "24122637"]
[BlackFideId "24177156"]
[EventDate "2017.07.21"]

1. d4 Nf6 2. c4 e6 3. Nf3 b6 4. a3 Bb7 5. Nc3 d5 6. cxd5 Nxd5 7. e3 g6 8. h4 Bg7
9. h5 Nd7 10. Bd3 Qe7 11. Qa4 O-O 12. Bd2 c5 13. Qc2 Rfc8 14. hxg6 hxg6 15.
O-O-O cxd4 16. exd4 N7f6 17. Ne5 Nxc3 18. Bxc3 Nd5 19. Bxg6 Qg5+ 20. f4 Qxf4+
21. Rd2 Bxe5 22. g3 Nxc3 23. Bh7+ Kf8 24. gxf4 Ne2+ 25. Kb1 Rxc2 26. Rxc2 Bxh1
27. dxe5 Nd4 28. Rc4 Nc6 29. Be4 Bxe4+ 30. Rxe4 Ne7 0-1

[Event "28th Czech Open A 2017"]
[Site "Pardubice CZE"]
[Date "2017.07.24"]
[Round "4.80"]
[White "Johansson, Gunnar"]
[Black "Tate, Alan"]
[Result "1/2-1/2"]
[BlackTitle "FM"]
[WhiteElo "2223"]
[BlackElo "2350"]
[WhiteFideId "1703501"]
[BlackFideId "2401878"]
[EventDate "2017.07.21"]

1. d4 f5 2. Nf3 Nf6 3. g3 e6 4. Bg2 d5 5. O-O Bd6 6. c4 c6 7. b3 Qe7 8. Bb2 O-O
9. Qc1 a5 10. Ba3 b6 11. Bxd6 Qxd6 12. e3 Bb7 13. Nbd2 Nbd7 14. Rd1 Ne4 15. Qb2
Qe7 16. Rac1 Rab8 17. Ne1 g5 18. Nd3 Nxd2 19. Rxd2 Rfd8 20. f4 g4 21. Ne5 Nxe5
22. fxe5 Rdc8 23. Rdc2 Kg7 24. Qc3 Qa3 25. Qd2 Qb4 26. Qf2 Qe7 27. Qd2 Qb4 28.
Qf2 Qe7 29. cxd5 cxd5 30. Qd2 Qd8 31. Bf1 Rxc2 32. Rxc2 Rc8 33. Bb5 Kf7 34. Qc1
Rxc2 35. Qxc2 Qc8 36. Qxc8 Bxc8 37. Kf2 Ke7 38. Ke2 Bd7 39. Bd3 b5 40. a3 1/2-1/2

[Event "28th Czech Open A 2017"]
[Site "Pardubice CZE"]
[Date "2017.07.24"]
[Round "4.81"]
[White "Seger, Ruediger"]
[Black "Roinos, Ilias"]
[Result "1/2-1/2"]
[WhiteTitle "IM"]
[WhiteElo "2346"]
[BlackElo "2206"]
[WhiteFideId "4617274"]
[BlackFideId "4232402"]
[EventDate "2017.07.21"]

1. e4 e5 2. Nf3 Nc6 3. d4 exd4 4. Nxd4 Bb4+ 5. Nc3 Nge7 6. Nxc6 Nxc6 7. Bd2 O-O
8. Bd3 f5 9. exf5 d5 10. O-O Bxf5 11. Ne2 Bd6 12. Bxf5 Rxf5 13. Ng3 Qh4 14. f4
Rf7 15. Kh1 Re8 16. Ne2 Re6 17. g3 Qh3 18. Ng1 Qf5 19. Nf3 Rfe7 20. Rf2 Bc5 21.
Rg2 h6 22. Qf1 Be3 23. Re1 d4 24. a3 Qd5 25. h3 Nd8 26. Kh2 Nf7 27. b3 c5 28.
Rge2 b5 29. Bxe3 dxe3 30. Rd1 Qe4 31. Rd3 a6 32. Ne1 c4 33. bxc4 bxc4 34. Rd1 g5
35. Qf3 gxf4 36. gxf4 Qf5 37. Ng2 Kh7 38. Rxe3 Qxc2 39. Rxe6 Rxe6 40. Rd7 Rf6
41. Qd5 Kg8 42. Qd4 Rg6 43. Qd5 Rf6 44. Qd4 Rg6 45. Qd5 1/2-1/2

[Event "28th Czech Open A 2017"]
[Site "Pardubice CZE"]
[Date "2017.07.24"]
[Round "4.82"]
[White "Suleymanli, Aydin"]
[Black "Flak, Pawel"]
[Result "1/2-1/2"]
[WhiteTitle "CM"]
[WhiteElo "2345"]
[BlackElo "2204"]
[WhiteFideId "13413937"]
[BlackFideId "1117548"]
[EventDate "2017.07.21"]

1. d4 b6 2. c4 Bb7 3. Nc3 Nf6 4. Qc2 d5 5. cxd5 Nxd5 6. e4 Nxc3 7. bxc3 e6 8.
Be3 Be7 9. Bb5+ c6 10. Bd3 c5 11. Rd1 cxd4 12. Nf3 O-O 13. Nxd4 Qc7 14. Nb5 Qc6
15. Nd4 Qc7 16. O-O Nd7 17. Nb5 Qc6 18. Nd4 Qc7 19. Be2 Nc5 20. f3 Bd6 21. h3 a6
22. Nb3 Rac8 23. c4 f5 24. exf5 exf5 25. Nxc5 Bxc5 26. Bxc5 Qxc5+ 27. Kh1 Rc7
28. Qd2 Re7 29. Bd3 Rd8 30. Qf4 g6 31. Bc2 Rde8 32. Ba4 Bc6 33. Bxc6 Qxc6 34.
Rf2 Qa4 35. Rd4 Qb4 36. Kh2 Qb1 37. Qd2 Qa1 38. Rd8 Qe5+ 39. f4 Qe3 40. Qd5+ Kg7
41. Rf3 Qe4 42. Rxe8 Rxe8 43. Qd7+ Re7 44. Qd8 Re8 45. Qd7+ Re7 46. Qd8 Re8 1/2-1/2

[Event "28th Czech Open A 2017"]
[Site "Pardubice CZE"]
[Date "2017.07.24"]
[Round "4.83"]
[White "Hollan, Martin"]
[Black "Vusatiuk, Vladimir"]
[Result "1/2-1/2"]
[WhiteTitle "FM"]
[BlackTitle "IM"]
[WhiteElo "2221"]
[BlackElo "2338"]
[WhiteFideId "360937"]
[BlackFideId "14118610"]
[EventDate "2017.07.21"]

1. e4 e6 2. d4 d5 3. Nd2 c5 4. Ngf3 Nf6 5. exd5 exd5 6. Bb5+ Bd7 7. Bxd7+ Nbxd7
8. O-O Be7 9. dxc5 Nxc5 10. Nb3 Nce4 11. Nfd4 Nd6 12. Qf3 O-O 13. Nf5 Nxf5 14.
Qxf5 Qc8 15. Qxc8 Rfxc8 16. c3 b5 17. Bg5 a5 18. a3 h6 19. Bxf6 Bxf6 20. Rfd1 b4
21. axb4 axb4 22. Rxa8 Rxa8 23. cxb4 Rb8 24. Rxd5 Rxb4 25. Rd3 Bxb2 26. g3 Rc4
27. Kg2 g5 28. h3 Kg7 29. Rd2 Be5 30. Re2 f6 31. Nd2 Rc2 32. Kf1 Bc3 33. Ne4
Rc1+ 34. Kg2 Be5 35. g4 Kg6 36. Ng3 Bxg3 37. fxg3 h5 38. gxh5+ Kxh5 39. Re6 Rc2+
40. Kg1 Kg6 41. g4 Rb2 1/2-1/2

[Event "28th Czech Open A 2017"]
[Site "Pardubice CZE"]
[Date "2017.07.24"]
[Round "4.84"]
[White "Moravec, Vit"]
[Black "Galchenko, Matvey"]
[Result "0-1"]
[BlackTitle "FM"]
[WhiteElo "2216"]
[BlackElo "2336"]
[WhiteFideId "331481"]
[BlackFideId "24175480"]
[EventDate "2017.07.21"]

1. e4 e6 2. Nf3 d5 3. e5 c5 4. b4 cxb4 5. a3 Nc6 6. axb4 Bxb4 7. c3 Be7 8. d4
Bd7 9. Bd3 a6 10. h4 h5 11. Ng5 Qc7 12. Rh3 Nh6 13. Qxh5 Nxd4 14. Bf4 Nc6 15.
Qe2 Rc8 16. Bh2 Na5 17. Qh5 Nc4 18. Bg6 Kd8 19. Bxf7 Qb6 20. Qg6 Bxg5 21. Qxg5+
Kc7 22. Nd2 Nxd2 23. Qxd2 Nxf7 24. c4 dxc4 25. Qf4 Qb4+ 26. Kf1 Nh6 27. Kg1 Kb8
28. Kh1 Bc6 29. f3 Qb2 30. Rc1 Rhf8 0-1

[Event "28th Czech Open A 2017"]
[Site "Pardubice CZE"]
[Date "2017.07.24"]
[Round "4.85"]
[White "Mukashev, Assan"]
[Black "Hrabusa, Matej"]
[Result "1/2-1/2"]
[WhiteElo "2207"]
[BlackElo "2335"]
[WhiteFideId "13703803"]
[BlackFideId "14908042"]
[EventDate "2017.07.21"]

1. d4 d5 2. Nf3 Bf5 3. c4 e6 4. Qb3 Nc6 5. Qxb7 Nb4 6. Na3 Nf6 7. Bf4 dxc4 8.
Bxc7 Qd5 9. Qxd5 Nfxd5 10. Ba5 Rb8 11. Ne5 c3 12. bxc3 f6 13. e4 fxe5 14. exd5
Nd3+ 15. Bxd3 Bxd3 16. Bb4 Rxb4 17. cxb4 Bxb4+ 18. Kd1 Bxa3 19. Kd2 e4 20. dxe6
Ke7 21. f3 Rd8 22. fxe4 Rxd4 23. Kc3 Rd8 24. Rad1 Bxe4 25. Rxd8 Kxd8 26. Rd1+
Ke7 27. Rd7+ Kxe6 28. Rxa7 Bd6 29. g3 Be5+ 30. Kd2 h5 31. Ke3 Bf5 32. a4 Kf6 33.
Rb7 h4 34. a5 hxg3 35. hxg3 Bxg3 36. a6 Bh2 37. a7 Bg1+ 38. Kf4 g5+ 39. Kf3 Bxa7
40. Rxa7 Kg6 41. Ra6+ Kg7 42. Ke3 Bg6 43. Kd4 g4 44. Ke5 g3 45. Ra3 Bh7 46.
Rxg3+ Kf7 47. Ra3 Kg7 48. Ra7+ Kg8 49. Kf6 Kh8 50. Rxh7+ Kxh7 1/2-1/2

[Event "28th Czech Open A 2017"]
[Site "Pardubice CZE"]
[Date "2017.07.24"]
[Round "4.86"]
[White "Lyell, Mark"]
[Black "Flick, Antoine"]
[Result "0-1"]
[WhiteTitle "FM"]
[BlackTitle "FM"]
[WhiteElo "2204"]
[BlackElo "2331"]
[WhiteFideId "402354"]
[BlackFideId "26025736"]
[EventDate "2017.07.21"]

1. e4 c5 2. Nc3 Nc6 3. f4 e6 4. Nf3 a6 5. g3 d6 6. Bg2 Nge7 7. b3 g6 8. Bb2 Bg7
9. O-O O-O 10. Qe1 Qc7 11. Nd1 Nd4 12. Nxd4 cxd4 13. c4 Rb8 14. d3 b5 15. Rc1
Qd7 16. g4 f5 17. gxf5 gxf5 18. cxb5 axb5 19. Qa5 Nc6 20. Qd2 Bb7 21. exf5 exf5
22. Nf2 Ne7 23. Nh3 Nd5 24. Bxd5+ Bxd5 25. Qf2 Qa7 26. Rc2 Rbc8 27. Rxc8 Rxc8
28. Rc1 Re8 29. Re1 Re3 30. Rc1 Rxh3 31. Rc8+ Bf8 32. Bxd4 Qf7 33. Kf1 Rf3 0-1

[Event "28th Czech Open A 2017"]
[Site "Pardubice CZE"]
[Date "2017.07.24"]
[Round "4.87"]
[White "Jedlicka, Ales"]
[Black "Vyskocil, Neklan"]
[Result "1/2-1/2"]
[WhiteTitle "FM"]
[BlackTitle "IM"]
[WhiteElo "2200"]
[BlackElo "2329"]
[WhiteFideId "304824"]
[BlackFideId "307106"]
[EventDate "2017.07.21"]

1. d4 d5 2. c4 Nc6 3. Nf3 Bg4 4. Nc3 Bxf3 5. exf3 e6 6. Be3 Bb4 7. Qb3 Nge7 8.
a3 Bxc3+ 9. bxc3 b6 10. cxd5 exd5 11. Bd3 O-O 12. O-O Ng6 13. Rfe1 Qd6 14. Re2
Rae8 1/2-1/2

[Event "28th Czech Open A 2017"]
[Site "Pardubice CZE"]
[Date "2017.07.24"]
[Round "4.88"]
[White "Dvorak, Adam"]
[Black "Bilchinski, Anton"]
[Result "1/2-1/2"]
[BlackTitle "FM"]
[WhiteElo "2185"]
[BlackElo "2327"]
[WhiteFideId "346497"]
[BlackFideId "24615765"]
[EventDate "2017.07.21"]

1. d4 Nf6 2. g3 c5 3. d5 b5 4. Bg2 Bb7 5. e4 e6 6. Ne2 Qa5+ 7. c3 Qb6 8. Bf4 d6
9. O-O e5 10. Be3 Be7 11. h3 Nbd7 12. Nd2 O-O 13. f4 exf4 14. gxf4 Rfe8 15. Ng3
Bf8 16. Qf3 Qc7 17. Rae1 a5 18. Nh5 Nxh5 19. Qxh5 g6 20. Qh4 Qd8 21. Qg3 Bg7 22.
Bf2 Ba6 23. Re3 b4 24. Rfe1 bxc3 25. bxc3 Nf6 26. Qf3 Nh5 27. e5 dxe5 28. fxe5
Bh6 29. d6 Bxe3 30. Qxe3 Rb8 31. Bd5 Bb7 32. Bxf7+ Kxf7 33. e6+ Kg8 34. d7 Re7
35. Bh4 Ng7 36. Qxc5 Nf5 37. Bxe7 Nxe7 38. Qe5 Qb6+ 39. Qd4 Qc7 40. Qe5 Qxe5 41.
Rxe5 Bd5 1/2-1/2

[Event "28th Czech Open A 2017"]
[Site "Pardubice CZE"]
[Date "2017.07.24"]
[Round "4.89"]
[White "Nguyen, Huy Dat"]
[Black "Matta, Vinay Kumar"]
[Result "1/2-1/2"]
[BlackTitle "FM"]
[WhiteElo "2180"]
[BlackElo "2326"]
[WhiteFideId "12923486"]
[BlackFideId "5016649"]
[EventDate "2017.07.21"]

1. e4 e5 2. Qh5 Qe7 3. Nc3 Nf6 4. Qd1 Nc6 5. Bc4 d6 6. d3 Bg4 7. f3 Be6 8. Bg5
h6 9. Bh4 g5 10. Bf2 Bg7 11. Qd2 Qd7 12. Nge2 d5 13. exd5 Nxd5 14. Nxd5 Bxd5 15.
Bxd5 Qxd5 16. Nc3 Qd7 17. O-O-O O-O-O 18. Kb1 f5 19. h4 Bf6 20. hxg5 hxg5 21.
Be3 g4 22. Bg5 Bxg5 23. Qxg5 gxf3 24. gxf3 Rhg8 25. Qh6 f4 26. Ne4 Qf7 27. a3
Nd4 28. Rdg1 Kb8 29. Qh3 b6 30. Rg4 Rxg4 31. Qxg4 Rg8 32. Qh3 Qg6 33. c3 Nf5 34.
Qh5 Qg2 35. Rh2 Qf1+ 36. Ka2 Ne3 37. Qxe5 Qxd3 38. Qxf4 Qc4+ 39. b3 Qf1 40. Qxe3
Rg1 41. Qxg1 Qxg1 1/2-1/2

[Event "28th Czech Open A 2017"]
[Site "Pardubice CZE"]
[Date "2017.07.24"]
[Round "4.90"]
[White "Strebkovs, Andrejs"]
[Black "Bartos, Jan"]
[Result "0-1"]
[WhiteTitle "IM"]
[BlackTitle "FM"]
[WhiteElo "2321"]
[BlackElo "2189"]
[WhiteFideId "11601310"]
[BlackFideId "315060"]
[EventDate "2017.07.21"]

1. c4 Nf6 2. g3 g6 3. Bg2 Bg7 4. Nc3 O-O 5. d3 c5 6. Nh3 Nc6 7. Nf4 d6 8. O-O
Bd7 9. Rb1 Rb8 10. a3 a6 11. Bd2 b5 12. cxb5 axb5 13. b4 cxb4 14. axb4 Nd4 15.
e3 Ne6 16. Nxe6 Bxe6 17. Ra1 Qd7 18. Re1 d5 19. d4 Bh3 20. Bh1 Bf5 21. Qe2 Bc2
22. Ra3 Rfc8 23. Rc1 Bf5 24. f3 h5 25. Rca1 Ne8 26. Ra7 Rc7 27. Rxc7 Nxc7 28.
Ra7 Qc6 29. f4 Be4 30. Nxe4 dxe4 31. f5 gxf5 32. Ra1 Nd5 33. Rc1 Qh6 34. Rc5 e6
35. Bg2 h4 36. Bf1 hxg3 37. hxg3 Qg6 38. Kh2 Bf8 39. Rxb5 Rxb5 40. Qxb5 Bd6 41.
Be1 Qh6+ 42. Kg1 Qxe3+ 43. Bf2 Qg5 44. Kh2 f4 45. Qe8+ Kg7 46. g4 f3+ 47. Kh3
Nf4+ 48. Kh2 Nd3+ 49. Kg1 Qxg4+ 0-1

[Event "28th Czech Open A 2017"]
[Site "Pardubice CZE"]
[Date "2017.07.24"]
[Round "4.91"]
[White "Armbrust, Florian"]
[Black "Sazonova, Anastasia"]
[Result "1-0"]
[WhiteTitle "FM"]
[BlackTitle "WFM"]
[WhiteElo "2318"]
[BlackElo "2186"]
[WhiteFideId "4691350"]
[BlackFideId "24131008"]
[EventDate "2017.07.21"]

1. e4 e6 2. d4 d5 3. Bd3 c5 4. exd5 exd5 5. Nf3 c4 6. Be2 Nf6 7. O-O Bd6 8. b3
cxb3 9. axb3 Nc6 10. Bg5 O-O 11. c4 Be6 12. Nc3 Be7 13. Ne5 h6 14. Bf4 Bb4 15.
Nb5 Nxe5 16. Bxe5 a6 17. Nc7 Rc8 18. Nxe6 fxe6 19. c5 Ne4 20. Bd3 Nd2 21. Qg4
Qg5 22. Qxe6+ Kh8 23. f4 Qh5 24. Bg6 Qh4 25. g3 Qd8 26. Be8 Rf6 27. Bxf6 Qxe8
28. Qxe8+ Rxe8 29. Be5 Nxf1 30. Kxf1 Rc8 31. Ke2 Kg8 32. g4 Kf7 33. h4 g6 34. h5
gxh5 35. gxh5 Rg8 36. c6 bxc6 37. Rxa6 Rg2+ 38. Kf3 Rh2 39. Kg4 Be1 40. Ra7+ Ke8
41. Kf5 Rxh5+ 42. Ke6 1-0

[Event "28th Czech Open A 2017"]
[Site "Pardubice CZE"]
[Date "2017.07.24"]
[Round "4.92"]
[White "Radkov, Bazhen D."]
[Black "Hollan, Petr"]
[Result "1-0"]
[BlackTitle "FM"]
[WhiteElo "2179"]
[BlackElo "2317"]
[WhiteFideId "24170593"]
[BlackFideId "360945"]
[EventDate "2017.07.21"]

1. d4 Nf6 2. Nf3 e6 3. e3 c5 4. c4 Be7 5. Nc3 O-O 6. Bd3 d6 7. O-O a6 8. b3 Nbd7
9. Bb2 b6 10. Re1 Bb7 11. d5 exd5 12. cxd5 b5 13. e4 Re8 14. h3 Bf8 15. Qc2 Rc8
16. Bf1 Nb6 17. a4 b4 18. Nb1 Nbd7 19. a5 h6 20. Nbd2 Nh7 21. Nc4 Rc7 22. Rad1
Ndf6 23. e5 dxe5 24. d6 Rd7 25. Nfxe5 Rxe5 26. Bxe5 Nd5 27. Bd3 Ng5 28. Bf5 f6
29. Bg3 Nc3 30. Rd2 Bxg2 31. Rd3 Nf3+ 32. Rxf3 Bxf3 33. Qd3 Bc6 34. Bxd7 Qxd7
35. Kh2 Bb7 36. Ne3 Bc8 37. Qc4+ Kh8 38. Qg4 f5 39. Qf3 Bxd6 40. Nxf5 Bxg3+ 41.
Nxg3 Qxh3+ 42. Kg1 Be6 43. Qa8+ Kh7 44. Qxa6 Bd5 45. Qf1 Qxf1+ 46. Nxf1 Bxb3 47.
Re5 Bd5 48. a6 b3 49. Nd2 b2 50. a7 Ba8 51. Re8 Bd5 52. Rb8 Na4 53. a8=Q Bxa8
54. Rxa8 c4 55. Nb1 c3 56. Rc8 Kg6 57. Kf1 h5 58. Ke2 h4 59. Kd3 Kh7 60. Rc4 g5
61. Rxa4 h3 62. Re4 Kg6 63. Re1 Kf5 64. Nxc3 Kf4 65. Ke2 g4 66. Rh1 Kg5 67. Ke3
Kh5 68. Kf4 Kh4 69. Ne4 1-0

[Event "28th Czech Open A 2017"]
[Site "Pardubice CZE"]
[Date "2017.07.24"]
[Round "4.93"]
[White "Zarubitski, Viachaslau"]
[Black "Shemyakin, Valeriy"]
[Result "0-1"]
[WhiteTitle "FM"]
[WhiteElo "2314"]
[BlackElo "2173"]
[WhiteFideId "13509373"]
[BlackFideId "14132818"]
[EventDate "2017.07.21"]

1. e4 d5 2. exd5 Qxd5 3. Nc3 Qa5 4. d4 Nf6 5. Nf3 c6 6. Bc4 Bg4 7. Bd2 e6 8. h3
Bxf3 9. Qxf3 Qc7 10. O-O Nbd7 11. Rfe1 O-O-O 12. Bb3 Nb6 13. Bg5 Be7 14. Rad1
Nfd5 15. Bxe7 Qxe7 16. Ne4 Nf6 17. c3 Nxe4 18. Rxe4 Nd5 19. Rde1 Nf6 20. Re5 Rd6
21. Bc4 Rhd8 22. Qg3 g6 23. b4 Nd5 24. a4 Qc7 25. Bb3 Kb8 26. Qh4 Nxc3 27. Rc5
Rxd4 28. Qxh7 Ne4 29. Rc4 Rxc4 30. Bxc4 Qf4 31. f3 Ng5 32. Qg7 Qxc4 33. Qe5+ Kc8
34. Qxg5 Qxb4 35. Re4 Rd4 36. Qf6 Rxe4 37. fxe4 Qxa4 38. e5 Qd4+ 39. Kh2 a5 40.
g3 Qd7 41. Qf4 a4 42. Qxa4 Qd2+ 43. Kg1 Qe1+ 44. Kg2 Qe2+ 45. Kg1 Qxe5 46. Kf2
Kc7 47. h4 b5 48. Qa7+ Kd6 49. Kg2 Qe2+ 50. Kh3 Qf1+ 51. Kh2 c5 52. Qb8+ Kd5 53.
Qb7+ Kd4 54. g4 b4 55. Kg3 Qe1+ 56. Kh3 Qe3+ 57. Kh2 Qe5+ 58. Kh3 f5 0-1

[Event "28th Czech Open A 2017"]
[Site "Pardubice CZE"]
[Date "2017.07.24"]
[Round "4.94"]
[White "Aliyev, Ravan"]
[Black "ter Stal, Rainer"]
[Result "1-0"]
[BlackTitle "CM"]
[WhiteElo "2311"]
[BlackElo "2140"]
[WhiteFideId "13409980"]
[BlackFideId "12993603"]
[EventDate "2017.07.21"]

1. d4 Nf6 2. c4 e6 3. Nf3 b6 4. a3 Ba6 5. Qc2 Bb7 6. Nc3 c5 7. e4 cxd4 8. Nxd4
d6 9. Be2 Nbd7 10. Be3 a6 11. O-O Be7 12. Rfd1 Rc8 13. f3 O-O 14. Rac1 Qc7 15.
Qd2 Rfe8 16. b4 Qb8 17. Nb3 Bf8 18. Bf1 Ba8 19. Qf2 Qb7 20. Bf4 Qb8 21. Be3 Qb7
22. Na4 Rb8 23. Bf4 Ne5 24. Bxe5 dxe5 25. c5 b5 26. Nb6 Qc7 27. Rd3 Red8 28.
Rcd1 Rxd3 29. Rxd3 g6 30. Qd2 Bc6 31. g3 Be7 32. Na5 Be8 33. Qc3 Bd8 34. Kh1 Be7
35. Bg2 Rd8 36. h3 Nh5 37. Kh2 Rd4 38. Nb3 Rd8 39. Na5 Rd4 40. Nb3 Rd8 41. Bf1
f5 42. Nc1 Bc6 43. Rxd8+ Bxd8 44. Bg2 Bf6 45. Qd3 Be7 46. a4 Qd8 47. Qb3 Kf7 48.
Nd3 Qd4 49. axb5 Bxb5 50. Nc4 Bf6 51. Nd6+ Ke7 52. Nxb5 axb5 53. Qa3 Bg5 54. f4
exf4 55. Qa7+ Qd7 56. Qxd7+ Kxd7 57. g4 fxg4 58. hxg4 Nf6 59. Ne5+ Kc7 60. Bf3
Nd7 61. Nf7 Bf6 62. Nd6 Bg7 63. Ne8+ Kc6 64. e5# 1-0